LEADER 01028nam0 22002651i 450 001 UON00523138 005 20240221121900.727 100 $a20240221d1964 |0itac50 ba 101 $arus 102 $aRU 105 $a|||| 1|||| 200 1 $aMoskovskoe vosstanie 1662 g. : sbornik dokumetov$fV. I. Buganov 210 $aMoskva$cNauka$d1964 215 $a303 p.$d20 cm 606 $aMOSCA$xRIVOLTA DEL RAME$x1662$3UONC102771$2FI 620 $aRU$dMoskva$3UONL003152 676 $a947.048$cStoria della Russia. Regno di Alessio, 1645-1676$v21 700 1$aBUGANOV$bViktor Ivanovi?$3UONV132145$01591738 712 $aNauka$3UONV269754$4650 801 $aIT$bSOL$c20241213$gRICA 899 $aSIBA - SISTEMA BIBLIOTECARIO DI ATENEO$2UONSI 912 $aUON00523138 950 $aSIBA - SISTEMA BIBLIOTECARIO DI ATENEO$dSI EO DUOMO IX G 0171 $eSI EO 1924/1 5 0171 996 $aMoskovskoe vosstanie 1662 g. : sbornik dokumetov$94297425 997 $aUNIOR LEADER 02371nam0 22005413i 450 001 RMS1196719 005 20251003044345.0 010 $a8802018200 020 $aIT$b75-4084 100 $a20041123d1974 ||||0itac50 ba 101 | $aita 102 $ait 181 1$6z01$ai $bxxxe 182 1$6z01$an 183 1$6z01$anc$2RDAcarrier 200 1 $aOpere di Archimede$fa cura di Attilio Frajese 210 $aTorino$cUTET$d1974 215 $a638 p., [6] c. di tav.$cill.$d24 cm 225 | $aClassici della scienza$v19 410 0$1001CFI0109626$12001 $aClassici della scienza$v19 676 $a500$9SCIENZE PURE$v20 676 $a500$9SCIENZE NATURALI E MATEMATICA$v21 676 $a501$9SCIENZE PURE. FILOSOFIA E TEORIA$v20 676 $a509.2$9SCIENZE NATURALI E MATEMATICA. Persone$v21 676 $a510$9MATEMATICA$v21 676 $a510$9Matematica$v22 676 $a516$9Matematica. Geometria$v12 676 $a516.2$9CURVE ALGEBRICHE$v17 676 $a516.2$9GEOMETRIA EUCLIDEA$v19 676 $a516.2$9GEOMETRIA EUCLIDEA$v21 700 0$aArchimedes$3MILV055118$4070$02812 702 1$aFrajese$b, Attilio$3RAVV012488$4340 790 0$aArchimedes : Syracusanus$3UFIV121404$zArchimedes 790 0$aArchimede$3UFIV121405$zArchimedes 801 3$aIT$bIT-000000$c20041123 850 $aIT-BN0095 $aIT-SA0037 $aIT-NA0243 $aIT-AV0001 $aIT-AV0007 $aIT-SA0045 $aIT-NA0079 $aIT-NA0228 $aIT-BN0015 901 $bNAP AV$cSALA C $nSala consultazione 901 $bNAP AL$cCARUSO $n$ 901 $bNAP 67$cSALA B $nComprende monografie di vario argomento 901 $bNAP 42$cS. MODERNA$n$ 901 $bNAP DO$cCAVEAU $n$ 901 $bNAP BM$cOP. CONS. $n$ 912 $aRMS1196719 950 0$aBiblioteca Centralizzata di Ateneo$c14 v. (Alcuni in pił tomi)$d 01COLL. ITA CLADSC$e 01AR 0070032575 VMA (0001 1 v. (Rist. 1988)$fB $h20250512$i20250512 950 0$aCentro Librario e Bibliotecario per la Diffusione della cultura$d 67SALA B B IV 9/2$e 67 0000108095 VMA A4 1 v.$fY $h20120702$i20120702 977 $a 01$a 42$a 67$a AL$a AV$a BM$a BN$a DO$a PB 996 $aClassici della scienza$954941 997 $aUNISANNIO